BIBLIOTECA “JULIO CORTÁZAR”
ESCUELA AGROTÉCNICA “LIBERTADOR GENERAL SAN MARTÍN” - UNR – CASILDA

Logo Escuela Logo UNR

Lengua y Literatura 8 / (Record no. 2622)

MARC details
000 -LEADER
campo de control de longitud fija 00977nam#a22003975a#4500
001 - NÚMERO DE CONTROL
campo de control 2622
020 ## - NÚMERO INTERNACIONAL ESTÁNDAR DEL LIBRO
Número Internacional Estándar del Libro 9789501311754
080 ## - NÚMERO DE LA CLASIFICACIÓN DECIMAL UNIVERSAL
Número de la Clasificación Decimal Universal 8:373.5
084 ## - OTRO NÚMERO DE CLASIFICACIÓN
Número de clasificación P45
040 ## - FUENTE DE CATALOGACIÓN
Centro catalogador/agencia de origen AR-ClEAG
Centro/agencia transcriptor AR-ClEAG
008 - DATOS DE LONGITUD FIJA--INFORMACIÓN GENERAL
campo de control de longitud fija 160224s2015####ag#a###j######001#0#spa#d
005 - FECHA Y HORA DE LA ÚLTIMA TRANSACCIÓN
campo de control 20241107184751.0
003 - IDENTIFICADOR DE NÚMERO DE CONTROL
campo de control AR-ClEAG
100 1# - ENTRADA PRINCIPAL--NOMBRE DE PERSONA
Nombre de persona Pereira,Paola.
245 10 - MENCIÓN DEL TÍTULO
Título Lengua y Literatura 8 /
Mención de responsabilidad, etc. Paola Pereira.
250 ## - MENCION DE EDICION
Mención de edición 1ª ed.
260 ## - PUBLICACIÓN, DISTRIBUCIÓN, ETC.
Lugar de publicación, distribución, etc. Buenos Aires :
Nombre del editor, distribuidor, etc. Kapelusz,
Fecha de publicación, distribución, etc. 2015.
300 ## - DESCRIPCIÓN FÍSICA
Extensión 240 p. :
Otras características físicas il. col. ;
Dimensiones 27 cm.
653 ## - TÉRMINO DE INDIZACIÓN--NO CONTROLADO
Término no controlado Lengua
653 ## - TÉRMINO DE INDIZACIÓN--NO CONTROLADO
Término no controlado Literatura
653 ## - TÉRMINO DE INDIZACIÓN--NO CONTROLADO
Término no controlado Oralidad
653 ## - TÉRMINO DE INDIZACIÓN--NO CONTROLADO
Término no controlado Discursos
653 ## - TÉRMINO DE INDIZACIÓN--NO CONTROLADO
Término no controlado Gramática
653 ## - TÉRMINO DE INDIZACIÓN--NO CONTROLADO
Término no controlado Esquema de la comunicación
653 ## - TÉRMINO DE INDIZACIÓN--NO CONTROLADO
Término no controlado Cuentos realistas
653 ## - TÉRMINO DE INDIZACIÓN--NO CONTROLADO
Término no controlado Ficción
653 ## - TÉRMINO DE INDIZACIÓN--NO CONTROLADO
Término no controlado Cohesión
653 ## - TÉRMINO DE INDIZACIÓN--NO CONTROLADO
Término no controlado Graffitti
653 ## - TÉRMINO DE INDIZACIÓN--NO CONTROLADO
Término no controlado Denotación
653 ## - TÉRMINO DE INDIZACIÓN--NO CONTROLADO
Término no controlado Connotación
653 ## - TÉRMINO DE INDIZACIÓN--NO CONTROLADO
Término no controlado Verbos
653 ## - TÉRMINO DE INDIZACIÓN--NO CONTROLADO
Término no controlado Teatro
700 1# - ENTRADA AGREGADA--NOMBRE PERSONAL
Nombre de persona Todero, Patricia Fernanda.
Relación aut
700 1# - ENTRADA AGREGADA--NOMBRE PERSONAL
Nombre de persona Sosa, Catalina.
Relación aut
942 ## - ELEMENTOS DE ENTRADA SECUNDARIOS (KOHA)
Tipo de ítem Koha Libros
980 ## - EQUIVALENCIA O REFERENCIA-CRUZADA-MENCIÓN DE SERIE--NOMBRE DE PERSONA/TÍTULO [LOCAL, CANADÁ]
Enlace 2
Nombre de persona Evangelina Gallicchio
Enlace entre campo y número de secuencia 2
Información miscelánea Evangelina Gallicchio
Holdings
Estatus retirado Estado de pérdida Fuente del sistema de clasificación o colocación Estado de daño No para préstamo Biblioteca de origen Biblioteca actual Ubicación en estantería Fecha de adquisición Número de inventario Total de préstamos Signatura topográfica completa Código de barras Visto por última vez Precio de reemplazo Tipo de ítem Koha
    Clasificación decimal universal     Julio Cortázar Julio Cortázar   07/11/2024 4961   R20 8.373.5 P45 Ej.1 4961 07/11/2024 07/11/2024 Libros
    Clasificación decimal universal     Julio Cortázar Julio Cortázar   07/11/2024 4962   R20 8.373.5 P45 Ej.2 4962 07/11/2024 07/11/2024 Libros
    Clasificación decimal universal     Julio Cortázar Julio Cortázar   07/11/2024 4963   R20 8.373.5 P45 Ej.3 4963 07/11/2024 07/11/2024 Libros
    Clasificación decimal universal     Julio Cortázar Julio Cortázar   07/11/2024 4964   R20 8.373.5 P45 Ej.4 4964 07/11/2024 07/11/2024 Libros
    Clasificación decimal universal     Julio Cortázar Julio Cortázar   07/11/2024 4965   R20 8.373.5 P45 Ej.5 4965 07/11/2024 07/11/2024 Libros
    Clasificación decimal universal     Julio Cortázar Julio Cortázar   07/11/2024 4966   R20 8.373.5 P45 Ej.6 4966 07/11/2024 07/11/2024 Libros
    Clasificación decimal universal     Julio Cortázar Julio Cortázar   07/11/2024 4967   R20 8.373.5 P45 Ej.7 4967 07/11/2024 07/11/2024 Libros

Contacto

Biblioteca Julio Cortázar. Escuela Agrotécnica "Libertador San Martín". Universidad Nacional de Rosario
Dirección: Ov. Lagos 1000 - 2170 Casilda - Santa Fe - Argentina
Tel: (54) (03464) 422226.
Fax: (54) (03464) 427789.
E-Mail: biblio-eac@unr.edu.ar